| 000 | 00945nam a22002177a 4500 | ||
|---|---|---|---|
| 999 |
_c11906 _d11906 |
||
| 003 | AR-CdUCM | ||
| 008 | 190405b ||||| |||| 00| 0 spa d | ||
| 040 |
_aMUNICIPALIDAD PROVINCIAL DEL CUSCO _cBIBLIOTECA MUNICIPAL DEL CUSCO |
||
| 082 |
_a212 / _bP19 / 1825 |
||
| 100 |
_aPaley D. D., W. _929507 |
||
| 245 |
_aTeología natural ; o demostración de la existencia y de los atributos de la divinidad : _bfundada en los fenómenos de la naturaleza / |
||
| 260 |
_aLondres : _bR. Ackermann, _c1825. |
||
| 300 |
_a400 páginas ; _c21.5 cm. |
||
| 505 | _aContenido: Estado de la cuestión -- Es evidente que hay un designio en las obras de la naturaleza -- Sucesión de las plantas y de los animales -- El argumento cumulativo ... | ||
| 650 |
_aTeología natural _929508 |
||
| 650 |
_aReligión _91195 |
||
| 650 |
_aDoctrinas _919990 |
||
| 700 |
_aVillanueva, D. J. L. De (traducción) _929509 |
||
| 942 |
_2ddc _cLIBROS |
||
| 945 |
_aacv _d05/04/2019 |
||